MARC

LEADER 00000nam0a2200000 4500
001 115029
005 20231031122436.0
035 |a (RuTPU)RU\TPU\book\124408 
090 |a 115029 
100 |a 20070502d1957 m y0rusy50 ca 
101 0 |a rus 
102 |a RU 
105 |a a z 000ay 
200 1 |a Сочинения  |f М. В. Ломоносов  |g сост., вступит. ст. и коммент. А. А. Морозов 
210 |a Москва  |c Государственное издательство художественной литературы  |d 1957 
215 |a 576 с.  |c 1 л. портр., ил. 
600 1 |a Ломоносов  |g Михаил Васильевич  |b М. В.  |c ученый-естествоиспытатель, поэт, историк, художник, деятель просвещения, науки и экономики  |f 1711-1765  |2 stltpush  |3 (RuTPU)RU\TPU\pers\975 
610 1 |a русская литература 
610 1 |a поэзия 
610 1 |a оды 
610 1 |a проза 
675 |a Р1  |v 3 
700 1 |a Ломоносов  |b М. В.  |c ученый-естествоиспытатель, поэт, историк, художник, деятель просвещения, науки и экономики  |f 1711-1765  |g Михаил Васильевич  |2 stltpush  |3 (RuTPU)RU\TPU\pers\975 
702 1 |a Морозов  |b А. А.  |4 220 
801 1 |a RU  |b 63413507  |c 20070502  |g PSBO 
801 2 |a RU  |b 63413507  |c 20080125  |g PSBO 
942 |c BK